000 00480nam a2200181Ia 4500
003 GCL
008 140319s9999 xx 000 0 eng d
040 _aGCL /
_cGCL
082 0 4 _a953
_bF P
100 1 _aFAROQHI, SURIRYA
245 1 0 _aPILGRIMS AND SUTLANS: THE HAJJ UNDER THE OTTOMANS /
_cFAROQHI, SURIRYA
260 _a[S.N] :
_bI.B. TAURIS & CO LTD ،
_c1994
300 _a244 P
650 0 4 _aISLAM - HISTORY
650 0 4 _aHISTORY
650 0 4 _aOTTOMAN
942 _2ddc
_cBK
999 _c25164
_d25164